000 00506nam a22001697a 4500
082 _a297.09
_bSUF
100 _aJee, Sufi
245 _aRab Sub Da /
_cSufi Jee
260 _aLahore;
_bDar ul Shao­or,
_c2018.
300 _a541p. ;
_c27cm.
563 _aHB
650 _aSufi poetry, Punjabi
_9129438
880 _6100-01\(3\r
_aصوفی جی
880 _6245-02\(3\r
_aرب سب دا\
_bصوفی جی
880 _6260-03\(3\r
_aلاہور:
_bدارالشعور،
_c2018ء
942 _2ddc
_cBK
999 _c614123
_d614123